=LDR 00000nam 2200000 4500 =001 001101 =005 20250713111545 =035 ##$$a 0010-0725000984 =007 ta =008 250713################a##########0#ind## =020 ##$$a 978-623-307-454-4 =082 ##$$a 398. 209 598 =084 ##$$a 398. 209 598 KUM p =100 #$$a Kumar, Mala =245 1#$$a Petualangan Tuan Anan /$c Mala Kumar, Manisha Chaudhry =250 ##$$a Cetakan Pertama =260 ##$$a Jakarta Timur :$b Badan Pengembangan dan Pembinaan Bahasa,$c 2024 =300 ##$$a 16 hlm. : $b Ilus. ; $c 29 cm =650 #4$$a Cerita anak Indonesia-Terjemahan =650 #4$$a Literasi-Bahan Bacaan =700 #$$a Chaudhry, Manisha =990 ##$$a TBM202400664